| 000 | 00753nam a2200229 u 4500 | ||
|---|---|---|---|
| 005 | 20240612063845.0 | ||
| 008 | 080804s2006 r 000 0 eng d | ||
| 020 | _a8480766271 | ||
| 035 | _aUPN01000158840 | ||
| 040 |
_aUPN _bspa _cUPN |
||
| 050 | 4 |
_aGR785 _bH37 2006 |
|
| 100 | 1 | _aHageneder, Fred | |
| 245 | 1 | 3 |
_aLa sabiduría de los árboles : _bhistoria, folclore, simbolismo, propiedades curativas / _cFred Hageneder ; tr. Jorge González Batlle. |
| 260 |
_aBarcelona, Esp. : _bBlume, _c2006. |
||
| 300 |
_a224 p. _bil. col. |
||
| 534 |
_pTítulo original: _tThe living wisdom of trees |
||
| 650 | 4 |
_aARBOLES - _xFOLKLORE _911561 |
|
| 650 | 4 |
_aBotánica médica _91355 |
|
| 902 | _bNoemiAcosta/170123 | ||
| 905 | _aLibro | ||
| 942 |
_2lcc _cLIBRO |
||
| 999 |
_c130954 _d130954 |
||